Basic econometrics (Record no. 147376)

MARC details
000 -LEADER
fixed length control field nam a22 7a 4500
005 - DATE AND TIME OF LATEST TRANSACTION
control field 20190301102012.0
008 - FIXED-LENGTH DATA ELEMENTS--GENERAL INFORMATION
fixed length control field 190301b nyu||||| |||| 00| 0 eng d
020 ## - INTERNATIONAL STANDARD BOOK NUMBER
International Standard Book Number 9780071333450
020 ## - INTERNATIONAL STANDARD BOOK NUMBER
International Standard Book Number 0071333452
050 04 - LIBRARY OF CONGRESS CALL NUMBER
Classification number HB139
Item number G85 2009
100 1# - MAIN ENTRY--PERSONAL NAME
Personal name Gujarati, Damodar N.
245 10 - TITLE STATEMENT
Title Basic econometrics
Statement of responsibility, etc / Damodar N. Gujarati, Dawn C. Porter, Sangeetha Gunasekar.
250 ## - EDITION STATEMENT
Edition statement 5a ed.
260 ## - PUBLICATION, DISTRIBUTION, ETC. (IMPRINT)
Place of publication, distribution, etc New York :
Name of publisher, distributor, etc McGraw-Hill,
Date of publication, distribution, etc 2009.
300 ## - PHYSICAL DESCRIPTION
Extent xxiii, 885 p. ;
Dimensions 24 cm.
504 ## - BIBLIOGRAPHY, ETC. NOTE
Bibliography, etc Incluye bibliografía
650 #7 - SUBJECT ADDED ENTRY--TOPICAL TERM
Source of heading or term lemb
Topical term or geographic name as entry element Econometría
700 1# - ADDED ENTRY--PERSONAL NAME
Personal name Porter, Down C.,
Relator term autor
700 1# - ADDED ENTRY--PERSONAL NAME
Personal name Gunasekar, Sangeetha,
Relator term autor
942 ## - ADDED ENTRY ELEMENTS (KOHA)
Source of classification or shelving scheme Biblioteca del Cogreso de los Estados Unidos
Koha item type Libro
Holdings
Estado de pérdida Fuente de clasificación Estado del daño No para préstamo Ubicación permanente Ubicación actual Apartado o colección Fecha de adquisición Edición Dependencia de educación superior (DES) Área del conocimiento Clasificación Código de Barras Date last seen Número de copia Tipo de recurso Fuente de adquisición
  Biblioteca del Cogreso de los Estados Unidos     Biblioteca del Instituto de Investigaciones Económicas y Empresariales Biblioteca del Instituto de Investigaciones Económicas y Empresariales General 01/03/2019 5a ed. Ciencias Económico Administrativas Ciencias Sociales y Administrativas HB139 G85 r2016 IIE000006603 01/03/2019 1 Libro  
  Biblioteca del Cogreso de los Estados Unidos     Biblioteca del Instituto de Investigaciones Económicas y Empresariales Biblioteca del Instituto de Investigaciones Económicas y Empresariales General 01/03/2019 5a ed. Ciencias Económico Administrativas Ciencias Sociales y Administrativas HB139 G85 r2016 IIE000006604 01/03/2019 2 Libro Unidad Académica